The art of marketing

Bibliographic Details
Main Author: Syed Gaddafi (Author)
Format: Book
Published: Selangor,Malaysia : PTS Publishing House Sendirian Berhad 2024
Subjects:

MARC

LEADER 00000cam a2200000 7i4500
001 0000094738
005 20250128115500.0
008
020 |a 9786297564562 (  |q paperback) 
040 |e rda 
041 |a Malay 
090 0 0 |a 658.8   |b SYE 
100 0 |a Syed Gaddafi ,   |e (author) 
245 1 4 |a The art of marketing   |c Syed Gaddafi 
264 1 |a Selangor,Malaysia :   |b PTS Publishing House Sendirian Berhad   |c 2024 
300 |a xvi,216 pages :   |b colour illustration ;   |c 19.5 cm. 
336 |a text  |2 rdacontent 
337 |a unmediated  |2 rdamedia 
338 |a volume  |2 rdacarrier 
541 |c Purchased on 2024   |f 00799 NAQ   |h RM30.00 
650 1 0 |a Marketing 
650 2 0 |a Business planning 
650 2 0 |a Communication in marketing 
650 2 0 |a Internet advertising 
999 |a 0001795149   |b Book   |c Adult Collection   |e Perbadanan Perpustakaan Awam Johor 
999 |a 0001795150   |b Book   |c Adult Collection   |e Perbadanan Perpustakaan Awam Johor 
999 |a 0001795151   |b Book   |c Adult Collection   |e Cawangan AEON Kulaijaya 
999 |a 0001795152   |b Book   |c Adult Collection   |e Cawangan Segamat 
999 |a 0001795153   |b Book   |c Adult Collection   |e Cawangan Pontian 
999 |a 0001795154   |b Book   |c Adult Collection   |e Cawangan Bukit Gambir 
999 |a 0001795155   |b Book   |c Adult Collection   |e Cawangan Muar 
999 |a 0001795156   |b Book   |c Adult Collection   |e Cawangan Tangkak 
999 |a 0001795157   |b Book   |c Adult Collection   |e Perbadanan Perpustakaan Awam Johor 
999 |a 0001795158   |b Book   |c Adult Collection   |e Perbadanan Perpustakaan Awam Johor 
999 |a 0001795159   |b Book   |c Adult Collection   |e Cawangan Tmn. Ungku Tun Aminah 
999 |a 0001795160   |b Book   |c Adult Collection   |e Cawangan Bandar Penawar 
999 |a 0001795161   |b Book   |c Adult Collection   |e Cawangan Mersing 
999 |a 0001795162   |b Book   |c Adult Collection   |e Cawangan Kota Tinggi 
999 |a 0001795163   |b Book   |c Adult Collection   |e Cawangan Batu Pahat 
999 |a 0001795164   |b Book   |c Adult Collection   |e Cawangan Taman Sri Lambak